000 01319nam2a2200265 4500
001 RU\NLR\BIBL_A\011543372
005 20250626090623.0
010 _a978-5-4224-1354-6
021 _aRU
_b2017-85164
_96079
035 _a(RuMoRGB)009446827
035 _a(NLR Aleph) 011543372
090 _a12207322
_c12207322
100 _a20171130d2017 |||y0rusy50 ca
101 0 _arus
_cfre
102 _aRU
105 _a z 001ay
200 1 _aЖермини Ласерте
_aГоспожа Жервезе
_aШери
_eроманы
_f[пер. с фр. С. Венгеровой и др.]
215 _a540, [3] с.
_cил., портр.
320 _aАлф. указ.: с. 542
461 0 _1001RU\NLR\BIBL_A\011543352
_12001#$aСобрание художественной прозы$e[в 3 т.]$fЭдмон де Гонкур, Жюль де Гонкур$g[вступ. ст. З.А. Венгеровой]$vТ. 3
_1700#1$aГонкур$bЭ. де$f1822-1896$gЭдмон де$3RU\NLR\AUTH\7768690
_912207222
_aГонкур, Э. де (1822-1896)
_cМосква
_d2017
_fЭдмон де Гонкур, Жюль де Гонкур
_nТерра
_o[в 3 т.]
_tСобрание художественной прозы
_y9785422413515
_vТ. 3
942 _cBOOK
980 _aNB